1267 1901 1610 1701 1086 1136 1508 1085 1983 1260 1659 1097 1763 1102 1496 1851 1784 1847 1771 1396 1860 1579 1285 1817 1130 1677 1708 1189 1115 1507 1933 1376 1109 1108 1770 1737 1036 1998 1980 1591 1892 1899 1042 1069 1379 1770 1935 1027 1368 1923 1641 1767 1975 2000 1580 1063 1859 1069 1051 1058 1716 1742 1974 1693 1906 1478 1275 1223 1010 1204 1815 1060 1231 1574 1270 1713 1461 1636 1224 1775 1945 1677 1499 1470 1123 1099 1943 1611 1291 1456 1818 1547 1623 1712 1512 1978 1740 1678 1554 BCNSPRNW ULIB Ver.6.0+V

เปลี่ยนเป็นภาษาไทย

Change to English
 แสดงรายละเอียดบรรณานุกรม
  กลับหน้าหลัก

Brief Record : Get Marc (ISO 2709) : E-mail record : QR code < ปิดหน้าต่าง
LEADER : 00000nam 2200000uu 4500
001    13399128446
003     ULIB
008    230828s2022||||th 000 0 tha d
020    ^a9781264257881
060 04 ^aWM34^bF527
245 00 ^aFirst aid for the psychiatry clerkship /^cseries editors,Latha G. Stead, S. Matthew Stead, Matthew S. Kaufman ;faculty advisor, Gabrielle J. Melin
250    ^a6nd ed.
260    ^aBoston :^bMcGraw-Hill Medical Pub. Division,^c2022
300    ^avii, 240 p. ;^c28 cm.
500    ^aIncludes index
650  2 ^aMental Disorders^vhandbooks
650  2 ^aClinical Clerkship^vhandbooks
650  2 ^aPsychiatry^vhandbooks
700 1  ^aStead, Latha G.,^eed.
700 1  ^aStead, S. Matthew,^eed.
700 1  ^aKaufman, Matthew S.,^eed.
945    ^p1245^l0^i010202
999    ^aประนอม เกษจรัล
รายการนี้ยังไม่มีแท็ก
คุณยังไม่ได้ล็อกอิน คุณสามารถมีกิจกรรมร่วมกับเว็บไซต์ได้ แต่ต้องล็อกอินก่อน ::
  ล็อกอิน

รายการสื่อสารสนเทศ

ลำดับที่ ประเภท เลขเรียก/บาร์โค้ด สถานที่ สถานะ
1. วิทยาศาสตร์การแพทย์ และสุขภาพ
หนังสือสำรอง
สถานะ=หนังสือสำรอง
WM34 F527 ฉ.1 
  Barcode: 010202
ห้องสมุดวิทยาเขตสวรรค์ประชารักษ์
►หนังสือทั่วไป
บนชั้น

BibComment


ยังไม่เคยถูกคอมเมนท์

คอมเมนท์ทรัพยากรรายการนี้
  คอมเมนท์: First aid for th..


 Copyright 2026. Bcnsprnw @Library